000 00855cam a22002415i 4500
001 22444186
003 OSt
005 20230629041754.0
008 220225s2021 ke a b 001 0 eng
010 _a 2022322000
020 _a9966718850
040 _aMMU
_beng
_eMMU
_cMMU
_dMMU
042 _alcode
_apcc
050 0 0 _aDT433.545.K55
_bM34 2021
100 1 _aMaina, Samuel Mwĩtũria,
_eauthor.
245 1 2 _aA prehistoric people :
_bthe Central Kikuyu before 1970 /
_cSamuel Mwĩtũria Maina, PhD.
260 _aNairobi, Kenya :
_bFrajopa Printers and Publishers Mall,
_c2021.
300 _axiii, 764 pages :
_billustrations ;
_c26 cm
500 _aIncludes bibliographical references (pages 759-761) and index.
650 0 _aKikuyu (African people)
_xHistory.
650 0 _aKikuyu (African people)
_xSocial life and customs.
942 _2lcc
_cLOAN LOAN
999 _c32601
_d32598